[Event "Tambov Region-ch"]
[Site "Tambov"]
[Date "2019.11.02"]
[Round "8"]
[White "Ryashentsev, Sergey N"]
[Black "Abashkin, Aleksandr P"]
[Result "0-1"]
[WhiteElo "1705"]
[BlackElo "1881"]
[PlyCount "26"]
[EventDate "2019.10.30"]
[EventType "tourn"]
[EventRounds "9"]
[EventCountry "RUS"]
[SourceTitle "CBM 192 Extra"]
[Source "Chessbase"]
[SourceDate "2019.11.06"]
[SourceVersion "1"]
[SourceVersionDate "2019.11.06"]
[SourceQuality "1"]

1. c4 c5 2. Nc3 Nf6 3. d3 Nc6 4. Nf3 g6 5. g3 Bg7 6. Bg2 0-0 7. 0-0 Rb8 8. a3 a6 9. Rb1 b5 10. Bg5 h6 11. Bxf6 Bxf6 12. Ne4 Bg7 13. b3 d6 0-1

[Event "Tambov Region-ch"]
[Site "Tambov"]
[Date "2019.11.01"]
[Round "6"]
[White "Streltsov, Oleg V"]
[Black "Abashkin, Aleksandr P"]
[Result "0-1"]
[WhiteElo "1620"]
[BlackElo "1881"]
[PlyCount "84"]
[EventDate "2019.10.30"]
[EventType "tourn"]
[EventRounds "9"]
[EventCountry "RUS"]
[SourceTitle "CBM 192 Extra"]
[Source "Chessbase"]
[SourceDate "2019.11.06"]
[SourceVersion "1"]
[SourceVersionDate "2019.11.06"]
[SourceQuality "1"]

1. d4 Nf6 2. Nf3 e6 3. Bf4 c5 4. e3 Nc6 5. Be2 cxd4 6. Nxd4 Nxd4 7. exd4 Qb6 8. b3 Nd5 9. Bg3 Bb4+ 10. Nd2 Qxd4 11. Bd3 Bxd2+ 12. Kxd2 Qb4+ 13. Kc1 Qc3 14. Rb1 Qa5 15. Rb2 Nc3 16. Qe1 Nxa2+ 17. Rxa2 Qxa2 18. Kd2 Qa5+ 19. Ke2 Qxe1+ 20. Rxe1 d5 21. Bd6 Bd7 22. Ra1 f6 23. f4 Kf7 24. h4 a6 25. Ra5 Rac8 26. c4 dxc4 27. Bxc4 Rhe8 28. f5 Rc6 29. Bf4 b5 30. fxe6+ Bxe6 31. Bd3 Bf5+ 32. Be3 Bxd3+ 33. Kxd3 Rd6+ 34. Bd4 Red8 35. g3 Rxd4+ 36. Kc2 Rc8+ 37. Kb2 Rc6 38. Ra1 Rd3 39. g4 Rh3 40. h5 Rg3 41. Rd1 Rxg4 42. Rd7+ Ke6 0-1

[Event "Tambov Region-ch FL"]
[Site "Tambov"]
[Date "2018.11.28"]
[Round "7"]
[White "Abashkin, Aleksandr P"]
[Black "Skomorokhov, Kirill"]
[Result "0-1"]
[WhiteElo "1929"]
[BlackElo "1919"]
[PlyCount "62"]
[EventDate "2018.11.14"]
[EventType "tourn"]
[EventRounds "9"]
[EventCountry "RUS"]
[SourceTitle "EXT 2021"]
[Source "ChessBase"]
[SourceDate "2020.10.23"]
[SourceVersion "1"]
[SourceVersionDate "2020.10.23"]
[SourceQuality "1"]

1. d4 d5 2. Nf3 Nf6 3. e3 g6 4. Bd3 Bg7 5. Nbd2 0-0 6. h3 c5 7. c3 Nbd7 8. 0-0 Qc7 9. Re1 e5 10. dxe5 Nxe5 11. Nxe5 Qxe5 12. Nf3 Qc7 13. Qc2 b6 14. c4 Bb7 15. cxd5 Nxd5 16. Bd2 Rfd8 17. Rac1 Rac8 18. Bf1 Nf6 19. Bc3 Bxf3 20. gxf3 Nh5 21. Bxg7 Nxg7 22. Ba6 Rb8 23. Bf1 Nf5 24. b4 Qe7 25. bxc5 Nh4 26. Red1 Nxf3+ 27. Kg2 Nh4+ 28. Kh1 Rxd1 29. Rxd1 bxc5 30. e4 Qf6 31. Qxc5 Qf3+ 0-1

[Event "Tambov Region-ch"]
[Site "Tambov"]
[Date "2018.02.21"]
[Round "6"]
[White "Larionov, Sergey A"]
[Black "Abashkin, Aleksandr P"]
[Result "0-1"]
[WhiteElo "1627"]
[BlackElo "1944"]
[PlyCount "104"]
[EventDate "2018.02.21"]
[EventType "swiss"]
[EventRounds "9"]
[EventCountry "RUS"]
[SourceTitle "CBM 183 Extra"]
[Source "ChessBase"]
[SourceDate "2018.04.19"]
[SourceVersion "1"]
[SourceVersionDate "2018.04.19"]
[SourceQuality "1"]

1. d3 d5 2. g3 g6 3. Nf3 Bg7 4. Bg2 Bg4 5. h3 Bd7 6. 0-0 Nc6 7. Re1 e5 8. Nc3 Nge7 9. e4 d4 10. Ne2 0-0 11. Bd2 Qc8 12. h4 Nd8 13. Kh2 Ne6 14. Rh1 h6 15. Qc1 Kh7 16. Kg1 Qd8 17. Kf1 Ng8 18. Neg1 Bf6 19. Ke1 Kg7 20. Kf1 c5 21. b3 b5 22. Ne2 Rc8 23. Qe1 c4 24. Ba5 Qe8 25. Rc1 Nc5 26. Qd2 Be6 27. Bb4 Qc6 28. Kg1 Rfd8 29. Bxc5 Qxc5 30. Kh2 Qa3 31. Ra1 Ne7 32. bxc4 bxc4 33. Qc1 Qd6 34. Qd2 Nc6 35. a3 Rb8 36. Qc1 Rdc8 37. Ne1 Na5 38. Qd2 Qa6 39. Bh3 Bxh3 40. Kxh3 Rb2 41. Nc1 Nb3 42. Nxb3 cxb3 43. Qb4 Rc3 44. Kg2 Ra2 45. Rxa2 bxa2 46. Nf3 Rxc2 47. Ra1 Qxd3 48. Ne1 Qxe4+ 49. Kg1 Re2 50. Kf1 a5 51. f3 Qe3 52. Qxa5 Qf2# 0-1

[Event "Tambov Region-ch"]
[Site "Tambov"]
[Date "2018.02.21"]
[Round "4"]
[White "Pishchalnikov, Roman A"]
[Black "Abashkin, Aleksandr P"]
[Result "1-0"]
[WhiteElo "1839"]
[BlackElo "1944"]
[PlyCount "59"]
[EventDate "2018.02.21"]
[EventType "swiss"]
[EventRounds "9"]
[EventCountry "RUS"]
[SourceTitle "CBM 183 Extra"]
[Source "ChessBase"]
[SourceDate "2018.04.19"]
[SourceVersion "1"]
[SourceVersionDate "2018.04.19"]
[SourceQuality "1"]

1. d4 Nf6 2. c4 e6 3. Nf3 d5 4. e3 c6 5. Be2 dxc4 6. Bxc4 b5 7. Bb3 Bb7 8. 0-0 Nbd7 9. Nc3 a6 10. a4 b4 11. Ne2 a5 12. Ng3 c5 13. Bc4 Ba6 14. Bxa6 Rxa6 15. Qe2 Rb6 16. e4 Be7 17. Be3 0-0 18. Rac1 Rc6 19. Rfd1 Qc7 20. d5 Rb6 21. Nd4 exd5 22. Nb5 Qb7 23. exd5 Nxd5 24. Nf5 Bd8 25. Nbd6 Rxd6 26. Nxd6 Qc6 27. Qf3 Ne7 28. Qxc6 Nxc6 29. Nb7 Nf6 30. Rxc5 1-0

[Event "Tambov Korensky Memorial 25th"]
[Site "Tambov"]
[Date "2016.08.27"]
[Round "8"]
[White "Abashkin, Aleksandr P"]
[Black "Astafurov, Arseniy"]
[Result "1/2-1/2"]
[WhiteElo "1907"]
[BlackElo "2088"]
[PlyCount "157"]
[EventDate "2016.08.20"]
[EventType "swiss"]
[EventRounds "9"]
[EventCountry "RUS"]
[SourceTitle "CBM 174 Extra"]
[Source "ChessBase"]
[SourceDate "2016.10.10"]
[SourceVersion "1"]
[SourceVersionDate "2016.10.10"]
[SourceQuality "1"]

1. d4 Nf6 2. c4 c5 3. d5 b5 4. cxb5 a6 5. b6 d6 6. Nc3 Nbd7 7. e4 g6 8. Bd3 Bg7 9. Nf3 0-0 10. 0-0 Nxb6 11. h3 Ne8 12. Bf4 Nc7 13. a4 a5 14. Qc2 Kh8 15. Bg3 f5 16. Rfd1 fxe4 17. Bxe4 Bf5 18. Bh4 Bxe4 19. Qxe4 Bf6 20. Bg5 Nd7 21. Bd2 Ne5 22. Ng5 Nf7 23. Ne6 Nxe6 24. dxe6 Ng5 25. Qd5 h6 26. h4 Nh7 27. Bxh6 Bg7 28. Bxg7+ Kxg7 29. Rd3 Rf5 30. Qc4 Qf8 31. Ne4 Rb8 32. Rf1 Rb4 33. Qc3+ Nf6 34. Ng3 Rff4 35. b3 Rxh4 36. Re1 Kg8 37. Rf3 Rhf4 38. Rxf4 Rxf4 39. Qxa5 Rb4 40. Re3 Qb8 41. f3 Kg7 42. Ne2 Rxb3 43. Rxb3 Qxb3 44. Qb5 Qxe6 45. a5 Qe3+ 46. Kf1 Qa3 47. a6 Nd5 48. Qb7 Ne3+ 49. Kf2 Nd1+ 50. Kg3 Qe3 51. Qe4 Qg5+ 52. Kh2 Ne3 53. Nf4 Qh4+ 54. Nh3 Qxe4 55. fxe4 Nc4 56. Nf4 Nb6 57. Nd5 Nc8 58. Nxe7 Na7 59. Nd5 Kf7 60. Kg3 Ke6 61. Kf4 c4 62. Ke3 Nb5 63. Nc3 Nc7 64. a7 Ke5 65. Nd5 Na8 66. Ne7 Kf6 67. Nc6 Kg5 68. Ne7 Kf6 69. Nc8 Ke6 70. Kd4 c3 71. Kxc3 Kd7 72. Nxd6 Kxd6 73. Kd4 Nc7 74. e5+ Kc6 75. Ke4 Kb7 76. e6 Nxe6 77. Ke5 Nc7 78. Kf6 Nd5+ 79. Kxg6 1/2-1/2

[Event "Tambov Region-ch"]
[Site "Tambov"]
[Date "2016.03.04"]
[Round "5"]
[White "Dikov, Alexander I"]
[Black "Abashkin, Aleksandr P"]
[Result "1/2-1/2"]
[WhiteElo "1931"]
[BlackElo "1933"]
[PlyCount "79"]
[EventDate "2016.03.02"]
[EventType "swiss"]
[EventRounds "9"]
[EventCountry "RUS"]
[SourceTitle "CBM 171 Extra"]
[Source "ChessBase"]
[SourceDate "2016.04.26"]
[SourceVersion "1"]
[SourceVersionDate "2016.04.26"]
[SourceQuality "1"]

1. Nf3 Nf6 2. g3 b6 3. Bg2 Bb7 4. 0-0 e6 5. c4 c5 6. Nc3 Be7 7. b3 0-0 8. Bb2 d5 9. cxd5 exd5 10. d4 Nbd7 11. Rc1 Rb8 12. Qc2 Ne4 13. Rfd1 Ndf6 14. dxc5 Nxf2 15. Kxf2 Ng4+ 16. Ke1 Ne3 17. Qd3 Bxc5 18. Bh3 Nxd1 19. Rxd1 Qf6 20. Qf5 Qh6 21. Bc1 Qg6 22. Qxg6 hxg6 23. Bf4 Rbd8 24. Nd4 Bc8 25. Bg2 Bb4 26. Rc1 Bd7 27. Kf1 Rc8 28. Nxd5 Rxc1+ 29. Bxc1 Bc5 30. Bb2 Rd8 31. e4 f5 32. Nc7 fxe4 33. Nde6 Bxe6 34. Nxe6 Rd2 35. Nxc5 bxc5 36. Ba3 e3 37. Bxc5 Rd1+ 38. Ke2 Rd2+ 39. Kf1 Rd1+ 40. Ke2 1/2-1/2

[Event "Tambov Pavlyutin Memorial 5th"]
[Site "Tambov"]
[Date "2015.06.24"]
[Round "1"]
[White "Abashkin, Aleksandr P"]
[Black "Alpatsky, Sergey"]
[Result "1/2-1/2"]
[WhiteElo "1910"]
[BlackElo "1933"]
[PlyCount "71"]
[EventDate "2015.06.24"]
[EventType "tourn"]
[EventRounds "9"]
[EventCountry "RUS"]
[SourceTitle "CBM 167 Extra"]
[Source "ChessBase"]
[SourceDate "2015.09.14"]
[SourceVersion "1"]
[SourceVersionDate "2015.09.14"]
[SourceQuality "1"]

1. d4 Nf6 2. c4 g6 3. Nc3 Bg7 4. e4 d6 5. h3 e5 6. Nf3 exd4 7. Nxd4 0-0 8. Be3 Nbd7 9. Be2 b6 10. Nc6 Qe8 11. Nd5 Nxd5 12. exd5 Bxb2 13. 0-0 Bb7 14. Rb1 Bg7 15. Nd4 Nc5 16. Nb5 Qd7 17. Bg4 f5 18. Bf3 Ne4 19. Bxe4 fxe4 20. Bd4 a6 21. Bxg7 Qxg7 22. Nd4 Bc8 23. Qd2 Bd7 24. Rbe1 Rae8 25. Re3 Re5 26. Rfe1 Rfe8 27. Qc2 Qe7 28. Ra3 a5 29. Rae3 Qh4 30. Qc3 h6 31. Qb3 Qd8 32. Qc2 Qe7 33. f4 exf3 34. Rxe5 dxe5 35. Qxg6+ Qg7 36. Qxg7+ 1/2-1/2

[Event "Tambov Region-ch FL"]
[Site "Tambov"]
[Date "2014.10.27"]
[Round "9"]
[White "Abashkin, Aleksandr P"]
[Black "Alpatsky, Sergey"]
[Result "1-0"]
[WhiteElo "1874"]
[BlackElo "1819"]
[PlyCount "83"]
[EventDate "2014.10.22"]
[EventType "tourn"]
[EventRounds "9"]
[EventCountry "RUS"]
[SourceTitle "EXT 2023"]
[Source "ChessBase"]
[SourceDate "2022.10.05"]
[SourceVersion "1"]
[SourceVersionDate "2022.10.05"]
[SourceQuality "1"]

1. d4 Nf6 2. Nf3 g6 3. c4 Bg7 4. Nc3 0-0 5. e4 d6 6. h3 Nbd7 7. Be2 e5 8. d5 Nh5 9. Bg5 f6 10. Be3 f5 11. exf5 gxf5 12. Ng5 Ndf6 13. Bxh5 f4 14. Bd2 Nxd5 15. Bf7+ Kh8 16. Bxd5 Qxg5 17. h4 Qg6 18. Be4 Bf5 19. Qf3 c6 20. Bxf5 Qxf5 21. 0-0-0 Qf7 22. Qe4 Rac8 23. Kb1 b5 24. cxb5 d5 25. Qe2 e4 26. bxc6 Rxc6 27. Qb5 Rd6 28. Na4 Qf6 29. Bb4 Rb6 30. Qc5 Rfb8 31. Bc3 Rxb2+ 32. Kc1 Qa6 33. Bxg7+ Kxg7 34. Qd4+ Kf8 35. Nxb2 Qb5 36. Rh3 f3 37. gxf3 Rc8+ 38. Kb1 Qc6 39. Qd2 e3 40. fxe3 Qg6+ 41. Qd3 Qc6 42. Rg3 1-0

[Event "Tambov Pavlyutin Memorial 3rd"]
[Site "Tambov"]
[Date "2013.05.18"]
[Round "7"]
[White "Shvadchenko, Grigory F"]
[Black "Abashkin, Aleksandr P"]
[Result "1-0"]
[WhiteElo "1925"]
[BlackElo "1925"]
[PlyCount "87"]
[EventDate "2013.05.15"]
[EventType "tourn"]
[EventRounds "9"]
[EventCountry "RUS"]
[SourceTitle "CBM 154 Extra"]
[Source "ChessBase"]
[SourceDate "2013.06.25"]
[SourceVersion "2"]
[SourceVersionDate "2013.06.25"]
[SourceQuality "1"]

1. d4 Nf6 2. c4 e6 3. Nf3 d5 4. Nc3 c6 5. Bg5 dxc4 6. a4 Bd7 7. e3 b5 8. Ne5 Be7 9. axb5 0-0 10. Bxc4 Nd5 11. Bxe7 Qxe7 12. bxc6 Nxc6 13. Bxd5 exd5 14. Nxd5 Qd6 15. Nxd7 Qxd7 16. Qf3 Rfd8 17. Nc3 Rab8 18. Na4 Nb4 19. 0-0 Nc2 20. Nc5 Qe7 21. Rac1 Nb4 22. b3 h6 23. h3 Rb6 24. Ra1 Rf6 25. Qb7 Qxb7 26. Nxb7 Ra8 27. Ra4 Nc6 28. Ra6 Rb8 29. Nc5 Rb6 30. Rxb6 axb6 31. Nd7 Rd6 32. Ne5 Nxe5 33. dxe5 Rd5 34. Rc1 Rxe5 35. Rc8+ Kh7 36. Kf1 Rb5 37. Rc3 Kg6 38. Ke2 Kf6 39. Kd3 Ke5 40. f4+ Kd6 41. e4 Ra5 42. Rc2 Ra1 43. Rd2 Rf1 44. Ke2+ 1-0